| 000 | 00444cas a22001695a 4500 | ||
|---|---|---|---|
| 001 | L121626 | ||
| 008 | 030314c2003 xxkux p a eng u | ||
| 035 | _a(Sirsi) u121626 | ||
| 041 | _aeng | ||
| 110 | 2 |
_aRoyal Institution of Chartered Surveyors _bNorth East Branch _95184 |
|
| 245 | _aRICS Local | ||
| 260 |
_aS.l. _bRICS _c[2003]- |
||
| 362 | 0 | _aApril 2003 | |
| 651 | 4 | _aNORTHEAST ENGLAND | |
| 690 | _aPROFESSIONAL PRACTICE | ||
| 942 | _n0 | ||
| 999 |
_c118769 _d118769 |
||